[Event "Espalion op 2nd"]
[Site "Espalion"]
[Date "2017.07.19"]
[Round "6"]
[White "Breton, Vadim"]
[Black "Herrero, Alain"]
[Result "0-1"]
[WhiteElo "1412"]
[BlackElo "1673"]
[PlyCount "124"]
[EventDate "2017.07.15"]
[EventType "swiss"]
[EventRounds "9"]
[EventCountry "FRA"]
[SourceTitle "CBM 179 Extra"]
[Source "ChessBase"]
[SourceDate "2017.08.23"]
[SourceVersion "1"]
[SourceVersionDate "2017.08.23"]
[SourceQuality "1"]

1. e4 c5 2. c3 d5 3. e5 Bf5 4. d4 e6 5. Nf3 Nc6 6. Bb5 a6 7. Ba4 b5 8. Bc2 Bxc2 9. Qxc2 Rc8 10. Be3 cxd4 11. Bxd4 Nge7 12. Nbd2 Nf5 13. Nb3 Nfxd4 14. Nbxd4 Nxd4 15. Nxd4 Qg5 16. 0-0 Qxe5 17. Qd3 Bc5 18. Rfe1 Qc7 19. Nf3 0-0 20. Ng5 g6 21. Qh3 h5 22. Qd3 Rfe8 23. a4 Qf4 24. Nh3 Qc4 25. Qc2 b4 26. Re5 Bd4 27. Rg5 bxc3 28. b3 Qc7 29. Rd1 Bg7 30. Rd3 d4 31. Kh1 e5 32. f3 Qd6 33. Nf2 f5 34. g4 Bh6 35. gxf5 Bxg5 36. Ne4 Qe7 37. fxg6 Be3 38. Kg2 Qe6 39. Kh1 Qxg6 40. Rd1 Rf8 41. b4 Rxf3 42. Qa2+ Kh7 43. Qc2 Rf2 44. Ng5+ Bxg5 45. Qxf2 Qe4+ 46. Qg2 Qxg2+ 47. Kxg2 c2 48. Re1 c1Q 49. Rxc1 Rxc1 50. Kf3 Rb1 51. h4 Bxh4 52. a5 Rxb4 53. Ke2 e4 54. Kd2 Bg5+ 55. Ke2 Rb2+ 56. Kd1 d3 57. Ke1 d2+ 58. Ke2 Rb1 59. Kf2 d1Q 60. Kg3 Qd3+ 61. Kf2 Rb2+ 62. Ke1 Qe2# 0-1

[Event "Espalion op 2nd"]
[Site "Espalion"]
[Date "2017.07.17"]
[Round "4"]
[White "Muller Moingt, Bastien"]
[Black "Herrero, Alain"]
[Result "0-1"]
[WhiteElo "1114"]
[BlackElo "1673"]
[PlyCount "72"]
[EventDate "2017.07.15"]
[EventType "swiss"]
[EventRounds "9"]
[EventCountry "FRA"]
[SourceTitle "CBM 179 Extra"]
[Source "ChessBase"]
[SourceDate "2017.08.23"]
[SourceVersion "1"]
[SourceVersionDate "2017.08.23"]
[SourceQuality "1"]

1. e4 c5 2. Nf3 Nc6 3. c3 d5 4. exd5 Qxd5 5. Be2 e5 6. 0-0 Be7 7. c4 Qd8 8. Nc3 Nf6 9. d3 0-0 10. Bg5 a6 11. Bxf6 Bxf6 12. Re1 Be6 13. Qc2 Qd7 14. Ne4 Be7 15. Nfg5 Bf5 16. Ng3 Bxg5 17. Nxf5 Qxf5 18. Rf1 Rfd8 19. Qb3 Rab8 20. Qb6 Nd4 21. Rfe1 Nc2 22. Qxc5 Nxa1 23. Rxa1 Qe6 24. Qb4 Be7 25. Qc3 Bc5 26. Rf1 Bd4 27. Qd2 b5 28. Bf3 bxc4 29. dxc4 Rxb2 30. Qg5 Qb6 31. Qxd8+ Qxd8 32. Rd1 Bxf2+ 33. Kh1 Rd2 34. Rxd2 Qxd2 35. h3 Bg3 36. c5 Qe1# 0-1

[Event "Reunion op 18th"]
[Site "St Denis"]
[Date "2016.10.11"]
[Round "4"]
[White "Padre, Maxime"]
[Black "Herrero, Alain"]
[Result "0-1"]
[WhiteElo "1261"]
[BlackElo "1658"]
[PlyCount "68"]
[EventDate "2016.10.10"]
[EventType "swiss"]
[EventRounds "7"]
[EventCountry "RUF"]
[SourceTitle "CBM 175 Extra"]
[Source "ChessBase"]
[SourceDate "2016.12.12"]
[SourceVersion "1"]
[SourceVersionDate "2016.12.12"]
[SourceQuality "1"]

1. e4 c5 2. Nc3 Nc6 3. g3 g6 4. Bg2 Bg7 5. f4 d6 6. Nf3 e6 7. 0-0 Nge7 8. d3 0-0 9. Bd2 a6 10. Rb1 Qc7 11. h3 b5 12. g4 f5 13. g5 Bb7 14. h4 Nd4 15. Nxd4 cxd4 16. Ne2 Rac8 17. c3 Nc6 18. Rc1 Qb6 19. Kh2 Rf7 20. Bf3 b4 21. c4 Ne7 22. Ng3 d5 23. cxd5 Rxc1 24. Bxc1 fxe4 25. dxe4 exd5 26. e5 a5 27. b3 Ba6 28. Be2 Bxe2 29. Nxe2 Nf5 30. Kh3 Qe6 31. Kh2 Rc7 32. Rf2 Qc6 33. Bb2 Qc2 34. Qc1 d3 0-1

[Event "Espalion op 1st"]
[Site "Espalion"]
[Date "2016.07.11"]
[Round "3"]
[White "Herrero, Alain"]
[Black "Dubois, Martine"]
[Result "0-1"]
[WhiteElo "1676"]
[BlackElo "1967"]
[PlyCount "46"]
[EventDate "2016.07.09"]
[EventType "swiss"]
[EventRounds "9"]
[EventCountry "FRA"]
[SourceTitle "CBM 173 Extra"]
[Source "ChessBase"]
[SourceDate "2016.08.29"]
[SourceVersion "1"]
[SourceVersionDate "2016.08.29"]
[SourceQuality "1"]

1. d4 d5 2. c4 dxc4 3. Nf3 Nf6 4. e3 e6 5. Bxc4 a6 6. 0-0 Nbd7 7. a3 b5 8. Be2 Bb7 9. Nc3 Bd6 10. b4 0-0 11. Qc2 e5 12. e4 exd4 13. Nxd4 Re8 14. f3 c5 15. Nf5 cxb4 16. Be3 Be5 17. axb4 Qc7 18. Rac1 Rac8 19. Bd4 Bxh2+ 20. Kh1 Bf4 21. Rb1 g6 22. Ne3 Bxe3 23. Bxe3 Qxc3 0-1

[Event "Espalion op 1st"]
[Site "Espalion"]
[Date "2016.07.10"]
[Round "2"]
[White "Cernavska, Veronica"]
[Black "Herrero, Alain"]
[Result "0-1"]
[WhiteElo "1399"]
[BlackElo "1676"]
[PlyCount "48"]
[EventDate "2016.07.09"]
[EventType "swiss"]
[EventRounds "9"]
[EventCountry "FRA"]
[SourceTitle "CBM 173 Extra"]
[Source "ChessBase"]
[SourceDate "2016.08.29"]
[SourceVersion "1"]
[SourceVersionDate "2016.08.29"]
[SourceQuality "1"]

1. f4 d5 2. Nf3 c5 3. e3 Nc6 4. b3 g6 5. a3 Bg7 6. g3 Bxa1 7. c3 d4 8. exd4 cxd4 9. cxd4 Nxd4 10. Nh4 Nf5 11. Qg4 Qd5 12. Bb5+ Bd7 13. Ba4 Qxh1+ 14. Kf2 Bd4+ 15. Ke2 Bxa4 16. bxa4 Qe4+ 17. Kd1 Nxh4 18. gxh4 Nf6 19. Qe2 Qxb1 20. Qe1 Rc8 21. Ke2 Rxc1 22. Qg3 Qe4+ 23. Qe3 Bxe3 24. dxe3 Rc2+ 0-1

[Event "Espalion op 1st"]
[Site "Espalion"]
[Date "2016.07.09"]
[Round "1"]
[White "Herrero, Alain"]
[Black "Degraeve, Jean Marc"]
[Result "0-1"]
[WhiteElo "1676"]
[BlackElo "2579"]
[PlyCount "42"]
[EventDate "2016.07.09"]
[EventType "swiss"]
[EventRounds "9"]
[EventCountry "FRA"]
[SourceTitle "CBM 173 Extra"]
[Source "ChessBase"]
[SourceDate "2016.08.29"]
[SourceVersion "1"]
[SourceVersionDate "2016.08.29"]
[SourceQuality "1"]

1. d4 d6 2. c4 e5 3. dxe5 dxe5 4. Qxd8+ Kxd8 5. Nf3 f6 6. Nc3 c6 7. g3 Be6 8. b3 Nd7 9. Bg2 Ne7 10. Bb2 a5 11. Rd1 Kc7 12. Na4 Nc8 13. Nd2 Nc5 14. Nc3 a4 15. b4 a3 16. Bc1 Na4 17. Nxa4 Bxb4 18. Bxa3 Bxa3 19. Nc3 Bb4 20. Rc1 Bxc3 21. Rxc3 Rxa2 0-1

[Event "Reunion op 17th"]
[Site "St Denis"]
[Date "2015.10.10"]
[Round "1"]
[White "Herrero, Alain"]
[Black "Poudroux, Mathilde"]
[Result "1-0"]
[WhiteElo "1689"]
[BlackElo "1199"]
[PlyCount "75"]
[EventDate "2015.10.10"]
[EventType "swiss"]
[EventRounds "9"]
[EventCountry "RUF"]
[SourceTitle "CBM 168 Extra"]
[Source "ChessBase"]
[SourceDate "2015.10.29"]
[SourceVersion "1"]
[SourceVersionDate "2015.10.29"]
[SourceQuality "1"]

1. d4 d5 2. c4 e5 3. dxe5 dxc4 4. Qa4+ Bd7 5. Qxc4 Nc6 6. Nf3 Qe7 7. e4 Nxe5 8. Nxe5 Qxe5 9. Nc3 Nf6 10. Bd3 Bd6 11. h3 0-0 12. Be3 b5 13. Qb3 c6 14. f4 Qe6 15. Qxe6 Bxe6 16. e5 Nd5 17. Nxd5 Bxd5 18. exd6 Bxg2 19. Rh2 Rfe8 20. Kf2 Bd5 21. Bc5 a6 22. Kg3 Be4 23. Rd1 Bd5 24. b3 a5 25. Rdd2 a4 26. b4 a3 27. Rhe2 f6 28. Re7 Kf8 29. Rde2 Rad8 30. d7 Rxe7 31. Bxe7+ Kf7 32. Bxd8 Be6 33. Bc2 Bc4 34. Re7+ Kf8 35. Re8+ Kf7 36. Bb6 Bxa2 37. d8Q Be6 38. Qe7# 1-0

[Event "Reunion op 14th"]
[Site "St Denis"]
[Date "2012.10.10"]
[Round "5"]
[White "Herrero, Alain"]
[Black "Goorsahye, Antoine"]
[Result "1-0"]
[WhiteElo "1726"]
[BlackElo "1899"]
[PlyCount "113"]
[EventDate "2012.10.06"]
[EventType "swiss"]
[EventRounds "9"]
[EventCountry "RUF"]
[SourceTitle "EXT 2013"]
[Source "ChessBase"]
[SourceDate "2012.11.22"]
[SourceVersion "1"]
[SourceVersionDate "2012.11.22"]
[SourceQuality "1"]

1. d4 d5 2. c4 e5 3. cxd5 Qxd5 4. Nf3 e4 5. Nc3 Qa5 6. Ne5 Bb4 7. Qc2 Nf6 8. e3 0-0 9. Bc4 Bf5 10. 0-0 Nc6 11. Nxc6 bxc6 12. Bd2 Rad8 13. a3 Bxc3 14. Bxc3 Qb6 15. b4 Bg6 16. Rfc1 Rd6 17. Rab1 Nd5 18. Bd2 Rd7 19. Qa2 a6 20. a4 Ra8 21. Qb3 Nf6 22. Ra1 Rb8 23. Rcb1 h6 24. b5 axb5 25. axb5 c5 26. Ra6 Qb7 27. Bc3 cxd4 28. Bxd4 Qc8 29. Qa2 Qd8 30. h3 Nd5 31. Qa5 Nb6 32. Be2 Kh7 33. Ra7 f5 34. Rc1 f4 35. Bg4 Rf7 36. Rc6 Qg5 37. Rcxc7 Nc4 38. Qa4 Rxc7 39. Rxc7 Ne5 40. Qa7 Rg8 41. Qa1 Re8 42. b6 h5 43. Bd1 Nf3+ 44. Bxf3 exf3 45. Rxg7+ Kh6 46. Qf1 fxe3 47. fxe3 Rxe3 48. Rxg6+ Kxg6 49. Bxe3 Qxe3+ 50. Qf2 Qc1+ 51. Kh2 fxg2 52. Qxg2+ Kf5 53. Qd5+ Kf4 54. b7 Qb2+ 55. Qg2 Qb6 56. Qg3+ Ke4 57. b8Q 1-0

[Event "Reunion op 13th"]
[Site "St Denis"]
[Date "2011.10.06"]
[Round "6"]
[White "Han Yee Yu, Jerome"]
[Black "Herrero, Alain"]
[Result "1-0"]
[WhiteElo "1581"]
[BlackElo "1758"]
[PlyCount "51"]
[EventDate "2011.10.01"]
[EventType "swiss"]
[EventRounds "9"]
[EventCountry "RUF"]
[SourceTitle "EXT 2012"]
[Source "ChessBase"]
[SourceDate "2011.11.24"]
[SourceVersion "1"]
[SourceVersionDate "2011.11.24"]
[SourceQuality "1"]

1. e4 c5 2. Nf3 Nc6 3. d3 g6 4. Nbd2 Bg7 5. g3 e6 6. Bg2 Nge7 7. 0-0 0-0 8. Re1 d6 9. Nf1 Rb8 10. h4 b5 11. N1h2 Bb7 12. g4 d5 13. c3 dxe4 14. dxe4 e5 15. Be3 c4 16. Re2 Qc7 17. Qc2 Rfd8 18. Rd1 a5 19. Rxd8+ Rxd8 20. Rd2 b4 21. Rxd8+ Nxd8 22. Nd2 Ba6 23. Bf1 Ne6 24. cxb4 axb4 25. Bxc4 Nd4 26. Bxf7+ 1-0

[Event "Reunion op 13th"]
[Site "St Denis"]
[Date "2011.10.02"]
[Round "2"]
[White "Duprey, Francois Xavier"]
[Black "Herrero, Alain"]
[Result "1-0"]
[WhiteElo "1754"]
[BlackElo "1758"]
[PlyCount "61"]
[EventDate "2011.10.01"]
[EventType "swiss"]
[EventRounds "9"]
[EventCountry "RUF"]
[SourceTitle "EXT 2012"]
[Source "ChessBase"]
[SourceDate "2011.11.24"]
[SourceVersion "1"]
[SourceVersionDate "2011.11.24"]
[SourceQuality "1"]

1. c4 c5 2. Nf3 Nc6 3. d4 cxd4 4. Nxd4 g6 5. b3 Bg7 6. e3 Nf6 7. Bd3 d5 8. 0-0 0-0 9. Bb2 Re8 10. Nc3 Nb4 11. Nxd5 Nfxd5 12. cxd5 Nxd5 13. Rb1 Bd7 14. Bc4 Nb6 15. Be2 e5 16. Nf3 Bc6 17. Qe1 Qe7 18. Qa5 f5 19. Rfd1 f4 20. Ba3 Qf7 21. exf4 exf4 22. Ng5 Qc7 23. Bc4+ Kh8 24. Be6 h6 25. Bd6 hxg5 26. Bxc7 Rxe6 27. Bxb6 Re5 28. Qa3 Rae8 29. Bd4 Re2 30. Bxg7+ Kxg7 31. Qb4 1-0

[Event "St Chely d'Aubrac op 11th"]
[Site "St Chely d'Aubrac"]
[Date "2011.07.13"]
[Round "6"]
[White "Herrero, Alain"]
[Black "Joyeux, Gerard"]
[Result "1/2-1/2"]
[WhiteElo "1774"]
[BlackElo "1633"]
[PlyCount "53"]
[EventDate "2011.07.09"]
[EventType "swiss"]
[EventRounds "7"]
[EventCountry "FRA"]
[SourceTitle "CBM 143 Extra"]
[Source "ChessBase"]
[SourceDate "2011.08.29"]
[SourceVersion "1"]
[SourceVersionDate "2011.08.29"]
[SourceQuality "1"]

1. d4 d5 2. c4 e5 3. dxe5 d4 4. Nf3 Nc6 5. g3 Nge7 6. Bg2 Ng6 7. 0-0 Ngxe5 8. b3 Bg4 9. Ba3 Nxf3+ 10. exf3 Be6 11. Bxf8 Rxf8 12. Nd2 Qd7 13. Ne4 Qe7 14. Qd2 f5 15. Ng5 0-0-0 16. Nxe6 Qxe6 17. f4 d3 18. Rfe1 Qd6 19. a3 Rfe8 20. b4 Nd4 21. Re5 Rxe5 22. fxe5 Qxe5 23. Re1 Ne2+ 24. Kf1 c6 25. Bf3 g6 26. Bxe2 dxe2+ 27. Qxe2 1/2-1/2

[Event "FRA-chT1 1011"]
[Site "France"]
[Date "2010.11.14"]
[Round "3.8"]
[White "Pokee, Anne Josephe"]
[Black "Herrero, Alain"]
[Result "1/2-1/2"]
[WhiteElo "2002"]
[BlackElo "1773"]
[PlyCount "78"]
[EventDate "2010.10.17"]
[EventType "team-tourn"]
[EventRounds "11"]
[EventCountry "FRA"]
[SourceTitle "EXT 2012"]
[Source "ChessBase"]
[SourceDate "2011.11.24"]
[SourceVersion "1"]
[SourceVersionDate "2011.11.24"]
[SourceQuality "1"]

1. e4 c5 2. Nf3 Nc6 3. c3 d5 4. exd5 Qxd5 5. Na3 Nf6 6. Be2 e6 7. 0-0 Be7 8. d4 cxd4 9. Nb5 Qd8 10. Bf4 0-0 11. Nfxd4 Nxd4 12. Nxd4 Qa5 13. b4 Qb6 14. a4 Nd5 15. a5 Qd8 16. Bd2 Bf6 17. Be1 Nxb4 18. cxb4 Qxd4 19. Qxd4 Bxd4 20. Rd1 e5 21. Kh1 Be6 22. f4 Rad8 23. Bh4 f6 24. fxe5 Bxe5 25. Bf3 b6 26. axb6 axb6 27. Rfe1 Rxd1 28. Rxd1 Rc8 29. Bf2 b5 30. Bc5 Rc7 31. Be4 Rd7 32. Rxd7 Bxd7 33. Bd5+ Kh8 34. Kg1 g5 35. Bf8 h5 36. Bc5 Kg7 37. Bf3 g4 38. Bd5 f5 39. g3 Kf6 1/2-1/2

[Event "St Chely d'Aubrac op 10th"]
[Site "St Chely d'Aubrac"]
[Date "2010.07.10"]
[Round "1"]
[White "Herrero, Alain"]
[Black "Degraeve, Jean Marc"]
[Result "0-1"]
[WhiteElo "1762"]
[BlackElo "2569"]
[PlyCount "82"]
[EventDate "2010.07.10"]
[EventType "swiss"]
[EventRounds "9"]
[EventCountry "FRA"]
[SourceTitle "CBM 137 Extra"]
[Source "ChessBase"]
[SourceDate "2010.09.01"]
[SourceVersion "1"]
[SourceVersionDate "2010.09.01"]
[SourceQuality "1"]

1. d4 Nf6 2. c4 g6 3. Nc3 Bg7 4. e4 0-0 5. Nf3 d6 6. Be2 Bg4 7. 0-0 Nfd7 8. Be3 c5 9. Rc1 Nc6 10. d5 Bxf3 11. dxc6 Bxe2 12. Qxe2 bxc6 13. Rfd1 Qc7 14. f4 a5 15. b3 Nb6 16. Qf2 Rfb8 17. e5 a4 18. Ne4 axb3 19. axb3 Nc8 20. Rb1 Ra3 21. Rd3 Rba8 22. g4 Ra2 23. Rd2 Rxd2 24. Qxd2 dxe5 25. Nxc5 Nd6 26. Rf1 exf4 27. Bxf4 Qa7 28. Be3 Qa2 29. Rd1 Qxd2 30. Rxd2 Ra1+ 31. Kg2 f5 32. h3 Rb1 33. Rd3 Kf7 34. Bd4 Bxd4 35. Rxd4 Rb2+ 36. Kf3 Ne4 37. Nxe4 Rxb3+ 38. Kf4 fxe4 39. Kxe4 Rxh3 40. Rd7 Rh4 41. Kf4 h5 0-1

[Event "FRA-chT2 0910"]
[Site "France"]
[Date "2010.01.24"]
[Round "7.7"]
[White "Nord, Antoine"]
[Black "Herrero, Alain"]
[Result "1-0"]
[WhiteElo "1954"]
[BlackElo "1776"]
[PlyCount "91"]
[EventDate "2009.09.27"]
[EventType "team-tourn"]
[EventRounds "11"]
[EventCountry "FRA"]
[SourceTitle "EXT 2011"]
[Source "ChessBase"]
[SourceDate "2010.11.26"]
[SourceVersion "1"]
[SourceVersionDate "2010.11.26"]
[SourceQuality "1"]

1. e4 c5 2. Nf3 Nc6 3. Bb5 g6 4. Bxc6 dxc6 5. h3 Bg7 6. d3 Nf6 7. Nc3 0-0 8. Be3 b6 9. Qd2 Qc7 10. Bf4 Qb7 11. Bh6 Re8 12. Bxg7 Kxg7 13. Ne5 Nd7 14. Ng4 Qc7 15. Qh6+ Kh8 16. h4 Nf8 17. Ne3 Qe5 18. h5 Be6 19. 0-0-0 a5 20. hxg6 fxg6 21. f4 Qg7 22. f5 Bg8 23. Qf4 e5 24. Qh4 Nd7 25. Rdf1 g5 26. Qh6 Nf6 27. Rf3 Qxh6 28. Rxh6 Kg7 29. Rfh3 b5 30. b3 Rad8 31. a4 b4 32. Ncd1 Rd7 33. Nb2 Ra7 34. Nbc4 Ree7 35. Nxe5 Rxe5 36. Rxf6 Rxe4 37. dxe4 Kxf6 38. Ng4+ Ke7 39. Rh6 Rd7 40. Nf6 Rd8 41. Nxg8+ Rxg8 42. e5 g4 43. Rxh7+ Kd8 44. e6 Rg5 45. f6 Re5 46. Rh8+ 1-0

[Event "Reunion op 11th"]
[Site "St Denis"]
[Date "2009.10.10"]
[Round "1"]
[White "Altiery, Hugo"]
[Black "Herrero, Alain"]
[Result "0-1"]
[WhiteElo "1199"]
[BlackElo "1789"]
[PlyCount "102"]
[EventDate "2009.10.10"]
[EventType "swiss"]
[EventRounds "9"]
[EventCountry "RUF"]
[SourceTitle "CBM 132 Extra"]
[Source "ChessBase"]
[SourceDate "2009.11.03"]
[SourceVersion "1"]
[SourceVersionDate "2009.11.03"]
[SourceQuality "1"]

1. e4 c5 2. Bc4 Nc6 3. Nc3 Nf6 4. Nf3 d6 5. 0-0 g6 6. Ng5 e6 7. Bb5 Bg7 8. Bxc6+ bxc6 9. d3 0-0 10. h3 a5 11. Bf4 a4 12. a3 d5 13. e5 Nh5 14. Qg4 Qc7 15. Rae1 Nxf4 16. Qxf4 f6 17. Nf3 fxe5 18. Qg4 e4 19. dxe4 e5 20. Qh4 d4 21. Ne2 Bf6 22. Ng5 Qe7 23. f4 exf4 24. Rxf4 Bxg5 25. Rxf8+ Kxf8 26. Qf2+ Kg7 27. Ng3 Be3 28. Rxe3 dxe3 29. Qxe3 Be6 30. e5 Bd5 31. h4 Re8 32. h5 Qxe5 33. h6+ Kg8 34. Qf2 Qe1+ 35. Qxe1 Rxe1+ 36. Kh2 Rb1 37. Ne2 Rxb2 38. Nf4 Rxc2 39. Kg3 Rc3+ 40. Kg4 Rxa3 41. Kg5 Rg3+ 42. Kf6 Rxg2 43. Nxg2 Bxg2 44. Ke5 a3 45. Kd6 a2 46. Kxc5 a1Q 47. Kb6 Qe5 48. Kb7 c5+ 49. Ka7 Bf1 50. Kb7 Qd6 51. Kc8 Ba6# 0-1

[Event "FRA-chT2 South 0708"]
[Site "France"]
[Date "2008.02.10"]
[Round "7.6"]
[White "Bolon, Karelle"]
[Black "Herrero, Alain"]
[Result "1-0"]
[WhiteElo "2105"]
[BlackElo "1760"]
[PlyCount "61"]
[EventDate "2007.10.21"]
[EventType "team"]
[EventRounds "11"]
[EventCountry "FRA"]
[SourceTitle "EXT 2009"]
[Source "ChessBase"]
[SourceDate "2008.11.26"]
[SourceVersion "1"]
[SourceVersionDate "2008.11.26"]
[SourceQuality "1"]
[WhiteTeam "Ramonville"]
[BlackTeam "Saint Affrique"]
[WhiteTeamCountry "FRA"]
[BlackTeamCountry "FRA"]

1. e4 c5 2. Nc3 Nc6 3. Bb5 g6 4. Bxc6 dxc6 5. d3 Bg7 6. f4 Nf6 7. Nf3 0-0 8. 0-0 Qc7 9. Qe1 e5 10. Nxe5 Nh5 11. Nf3 Nxf4 12. Qh4 Ne6 13. Bd2 Nd4 14. Rac1 Nxf3+ 15. Rxf3 Be6 16. Rcf1 Qd7 17. Bg5 Rae8 18. Kh1 b6 19. Bh6 f5 20. exf5 Rxf5 21. Ne4 Ref8 22. Rxf5 Bxf5 23. Ng3 Be6 24. Rxf8+ Kxf8 25. Qf6+ Qf7 26. Bxg7+ Kg8 27. Qxf7+ Kxf7 28. Bc3 Bxa2 29. Nf1 a5 30. b3 Ke6 31. Kg1 1-0

[Event "FRA-chT2 0405"]
[Site "France"]
[Date "2005.04.02"]
[Round "10.7"]
[White "Gruet, Gabriel"]
[Black "Herrero, Alain"]
[Result "1-0"]
[WhiteElo "2088"]
[BlackElo "1820"]
[PlyCount "59"]
[EventDate "2004.10.10"]
[EventType "team"]
[EventRounds "11"]
[EventCountry "FRA"]
[SourceTitle "EXT 2006"]
[Source "ChessBase"]
[SourceDate "2005.11.24"]
[SourceVersion "1"]
[SourceVersionDate "2005.11.24"]
[SourceQuality "1"]

1. e4 c5 2. Nc3 Nc6 3. Bb5 Nd4 4. Bc4 g6 5. Nf3 Bg7 6. Nxd4 cxd4 7. Qf3 e6 8. Nb5 d6 9. Qa3 Bf8 10. Qd3 e5 11. c3 a6 12. Na3 Bg7 13. cxd4 exd4 14. Nc2 Qb6 15. b3 Ne7 16. Bb2 Nc6 17. f4 Be6 18. Bd5 Nb4 19. Nxb4 Qxb4 20. 0-0 Bxd5 21. exd5 0-0 22. f5 Be5 23. Rf2 Rac8 24. Raf1 Qb5 25. Qe4 Qb6 26. d3 Qa7 27. Rf3 b5 28. Qh4 Kh8 29. Qh6 Rg8 30. Rh3 1-0

[Event "FRA-chT2 0405"]
[Site "France"]
[Date "2005.03.12"]
[Round "8.8"]
[White "Herrero, Alain"]
[Black "Garrel, Alain"]
[Result "0-1"]
[WhiteElo "1820"]
[BlackElo "2153"]
[PlyCount "78"]
[EventDate "2004.10.10"]
[EventType "team"]
[EventRounds "11"]
[EventCountry "FRA"]
[SourceTitle "EXT 2006"]
[Source "ChessBase"]
[SourceDate "2005.11.24"]
[SourceVersion "1"]
[SourceVersionDate "2005.11.24"]
[SourceQuality "1"]
[WhiteTeam "Saint Affrique"]
[BlackTeam "Tournefeuille"]
[WhiteTeamCountry "FRA"]
[BlackTeamCountry "FRA"]

1. d4 d5 2. c4 dxc4 3. Nf3 c6 4. e3 Be6 5. Qc2 Nf6 6. Bxc4 Bxc4 7. Qxc4 e6 8. 0-0 Nbd7 9. Bd2 a5 10. Nc3 Bb4 11. a3 Bxc3 12. Bxc3 0-0 13. Rfc1 Ne4 14. Qe2 Nb6 15. Rab1 Nd5 16. Nd2 f5 17. f3 Nd6 18. Nf1 g5 19. Be1 Qe8 20. Nd2 Qg6 21. Bf2 g4 22. Kh1 Rae8 23. Rc5 e5 24. dxe5 Rxe5 25. Rbc1 Rfe8 26. Nc4 Nxc4 27. R5xc4 Nxe3 28. Bxe3 Rxe3 29. Qd2 gxf3 30. gxf3 Re2 31. Qxe2 Rxe2 32. Rg1 Qxg1+ 33. Kxg1 Rxb2 34. Rc5 Rb5 35. Rc3 Kf7 36. Kg2 Kg6 37. f4 Rb2+ 38. Kg3 a4 39. Rd3 Rb3 0-1